000
00282nam a2200121Ia 4500
008
190216s9999||||xx |||||||||||||| ||und||
100
_a
Terence Rattigan
245
4
_a
The Winslow Boy
260
_b
Oxford University Press
_c
1976
300
_a
144
650
_a
English
942
_c
BK
999
_c
13133
_d
13133